Смерть Запада: пер. с англ.

التفاصيل البيبلوغرافية
المؤلف الرئيسي: Бьюкенен П. Дж. Патрик Дж.
الملخص:«Предвосхищением катастрофы» наполнены многие книги современных западных специалистов, прежде всего Ф. Фукуямы, И. Валлерстайна, С. Хантингтона. Выживет ли Запад? Наступит ли возвещенный Ф. Фукуямой «конец истории» в ее западном варианте? Исчезнет ли феномен, на протяжении столетий формировавший образ человечества? На эти вопросы и пытается ответить в своей книге Патрик Дж. Бьюкенен, советник президентов Никсона и Рейгана, кандидат в президенты от Республиканской партии на выборах 1992-го и 1996 годов.
اللغة:الروسية
منشور في: Москва, АСТ, 2004
سلاسل:Philosophy
الموضوعات:
التنسيق: MixedMaterials كتاب
KOHA link:https://koha.lib.tpu.ru/cgi-bin/koha/opac-detail.pl?biblionumber=244843

MARC

LEADER 00000nam0a2200000 4500
001 244843
005 20231101232102.0
010 |a 517017537Х 
035 |a (RuTPU)RU\TPU\book\266238 
090 |a 244843 
100 |a 20131030d2004 km y0rusy50 ca 
101 1 |a rus  |c eng 
102 |a RU 
105 |a y z 001zy 
200 1 |a Смерть Запада  |e пер. с англ.  |f П. Дж. Бьюкенен 
210 |a Москва  |c АСТ  |d 2004 
215 |a 444 с. 
225 1 |a Philosophy 
320 |a Библиогр.: с. 444. 
320 |a Библиогр. в примеч.: с. 367-409. 
330 |a «Предвосхищением катастрофы» наполнены многие книги современных западных специалистов, прежде всего Ф. Фукуямы, И. Валлерстайна, С. Хантингтона. Выживет ли Запад? Наступит ли возвещенный Ф. Фукуямой «конец истории» в ее западном варианте? Исчезнет ли феномен, на протяжении столетий формировавший образ человечества? На эти вопросы и пытается ответить в своей книге Патрик Дж. Бьюкенен, советник президентов Никсона и Рейгана, кандидат в президенты от Республиканской партии на выборах 1992-го и 1996 годов. 
606 1 |a Американская философия  |x США  |2 stltpush  |3 (RuTPU)RU\TPU\subj\28890  |9 52352 
610 1 |a история 
610 1 |a Америка 
610 1 |a Соединенные Штаты Америки 
610 1 |a политика 
610 1 |a мировые войны 
610 1 |a население 
610 1 |a миграция 
610 1 |a религия 
610 1 |a политические партии 
610 1 |a культурная революция 
610 1 |a Россия 
610 1 |a европейские страны 
610 1 |a демография 
610 1 |a феминизм 
610 1 |a рассовая дискриминация 
610 1 |a общественная мысль 
686 |a Ю3(7США)  |v LBC/SL-A  |2 rubbk 
700 1 |a Бьюкенен  |b П. Дж.  |g Патрик Дж. 
801 1 |a RU  |b 63413507  |c 20131030 
801 2 |a RU  |b 63413507  |c 20131115  |g RCR 
942 |c BK